000 00581nam a22001937a 4500
005 20251108172455.0
008 250721s9999 xx 000 0 ara d
082 1 4 _a375 / اني
100 1 _aلقاني، احمد حسين
245 1 0 _aمناهج الصم : التخطيط والبناء والتنفيذ /
264 1 _aالقاهرة :
_bعالم الكتب،
300 _a276ص
650 1 7 _aالمناهج
650 1 7 _aالصم
650 1 7 _aتخطيط المناهج
700 1 _aقرشي، أمير
_eمؤلف مشارك
942 _2ddc
_cBK
999 _c80252
_d80252